Introducción al derecho

Salvato in:
Dettagli Bibliografici
Autore principale: Squella Narducci, Agustín (autor)
Natura: Libro
Lingua:spagnolo
Pubblicazione: Santiago, Chile: Jurídica, 2000
Soggetti:
Tags: Aggiungi Tag
Nessun Tag, puoi essere il primo ad aggiungerne!!

MARC

LEADER 00000nam a2200000 a 4500
001 UCO0071
003 CL-VaPUC
005 20250320122142.0
008 000407e20000000CL |||||||||||||||||spa|d
999 |c 286791  |d 286789 
020 |a 956101288X 
020 |a 9789561012882 
040 |c Pontificia Universidad Católica de Valparaíso 
082 0 4 |a 340.11 SQU 2000  |2 21 
100 1 |a Squella Narducci, Agustín  |e autor  |9 876578 
245 1 0 |a Introducción al derecho 
260 |a Santiago, Chile:  |b Jurídica,  |c 2000 
300 |a 576 páginas 
583 |a last modification  |c 20130306 01:11:09  |k Rodrigo Vera 
650 0 |a Filosofía del derecho  |9 897254 
650 0 |a Historia del derecho  |9 255109 
650 0 |a Fuentes del derecho   |9 255162 
650 0 |a Derechos fundamentales   |9 254841 
650 0 |a Interpretación del derecho  |9 897256 
650 0 |a Ordenamiento jurídico   |9 355371 
942 |c BK  |2 ddc 
945 |d 20000407 00:00:00  |a vberengu 
952 |0 0  |1 0  |4 0  |6 340_110000000000000_SQU_2000  |7 0  |8 DER_TF  |9 332926  |a BIBDER  |b BIBDER  |d 2019-11-20  |i 360456K  |o 340.11 SQU 2000  |p 360456K  |r 2019-11-20  |w 2019-11-20  |x Ubicación 4to Piso  |y BK  |z Estos recursos deben solicitarse con anticipación  |k DER 
952 |0 0  |1 0  |4 0  |6 340_110000000000000_SQU_2000  |7 0  |8 A  |9 332927  |a BIBDER  |b BIBDER  |d 2019-11-20  |i 3789268  |o 340.11 SQU 2000  |p 3789268  |r 2023-01-25  |w 2019-11-20  |y BK  |k DER 
952 |0 0  |1 0  |4 0  |6 340_110000000000000_SQU_2000  |7 0  |8 A  |9 332928  |a BIBDER  |b BIBDER  |d 2019-11-20  |i 4026888  |o 340.11 SQU 2000  |p 4026888  |r 2023-01-25  |w 2019-11-20  |y BK  |k DER 
952 |0 0  |1 0  |4 0  |6 340_110000000000000_SQU_2000  |7 0  |8 A  |9 332930  |a BIBDER  |b BIBDER  |d 2019-11-20  |i 4161173  |l 2  |m 1  |o 340.11 SQU 2000  |p 4161173  |r 2024-04-08  |s 2024-03-27  |w 2019-11-20  |y BK  |k DER 
952 |0 0  |1 0  |4 0  |6 340_110000000000000_SQU_2000  |7 0  |8 A  |9 332932  |a BIBDER  |b BIBDER  |d 2019-11-20  |i 4183886  |o 340.11 SQU 2000  |p 4183886  |r 2023-01-25  |w 2019-11-20  |y BK  |k DER 
952 |0 0  |1 0  |4 0  |6 340_110000000000000_SQU_2000  |7 0  |8 A  |9 332933  |a BIBDER  |b BIBDER  |d 2019-11-20  |i 4215281  |o 340.11 SQU 2000  |p 4215281  |r 2023-01-25  |w 2019-11-20  |y BK  |k DER 
952 |0 0  |1 0  |4 0  |6 340_110000000000000_SQU_2000  |7 0  |8 A  |9 332934  |a BIBDER  |b BIBDER  |d 2019-11-20  |i 4261518  |o 340.11 SQU 2000  |p 4261518  |r 2023-01-25  |w 2019-11-20  |y BK  |k DER 
952 |0 0  |1 0  |4 0  |6 340_110000000000000_SQU_2000  |7 0  |8 A  |9 332935  |a BIBDER  |b BIBDER  |d 2019-11-20  |i 4280180  |o 340.11 SQU 2000  |p 4280180  |r 2023-01-25  |w 2019-11-20  |y BK  |k DER 
952 |0 0  |1 0  |4 0  |6 340_110000000000000_SQU_2000  |7 0  |8 A  |9 332938  |a BIBDER  |b BIBDER  |d 2019-11-20  |i 4484738  |o 340.11 SQU 2000  |p 4484738  |r 2023-01-25  |w 2019-11-20  |y BK  |k DER 
952 |0 0  |1 0  |4 0  |6 340_110000000000000_SQU_2000  |7 0  |8 A  |9 332940  |a BIBDER  |b BIBDER  |d 2019-11-20  |i 4509285  |o 340.11 SQU 2000  |p 4509285  |r 2023-01-25  |w 2019-11-20  |y BK  |k DER